|
|
|
|
| LEADER |
00000nab a2200000 a 4500 |
| 001 |
vtls000816463 |
| 003 |
SK-MaSNL |
| 005 |
20260304232517.0 |
| 008 |
250429c2002 xo 0 slo |
| 015 |
|
|
|a SNBRB2002/12-39064
|
| 035 |
|
|
|a CLN000168118
|
| 035 |
|
|
|a urn:nbn:sk:snk-ab2dwd
|
| 035 |
|
|
|a (urnnbn)urn:nbn:sk:snk:ar-a0282o
|
| 035 |
|
|
|a (uuid)97fe776c-3347-402a-93fd-d6c70408d489
|
| 040 |
|
|
|a SNKBUCL
|b slo
|c SNKBUCL
|e AACR2
|
| 041 |
0 |
|
|a slo
|
| 044 |
|
|
|a xo
|c SK
|
| 080 |
|
|
|a 336.717.13
|2 1997
|
| 080 |
|
|
|a 339.162:681.3
|2 1997
|
| 080 |
|
|
|a 336.777
|2 1997
|
| 080 |
|
|
|a 339.72
|2 1997
|
| 100 |
1 |
|
|a Vokorokosová, Renáta,
|d 1967-
|4 aut
|9 24098
|
| 245 |
1 |
0 |
|a Analýza a klasifikácia dokumentov podľa jednotných zvyklostí a pravidiel pre dokumentárne akreditívy
|c Renáta Vokorokosová
|
| 504 |
|
|
|a Res. angl.
|
| 504 |
|
|
|a Bibliogr. odkazy
|
| 650 |
0 |
7 |
|a platobný styk
|2 snkbucl
|9 3664
|
| 650 |
0 |
7 |
|a elektronický obchod
|2 snkbucl
|9 3918
|
| 650 |
0 |
7 |
|a dokumentárny akreditív
|2 snkbucl
|9 93434
|
| 655 |
|
7 |
|a články z novín a časopisov
|2 snkbucl
|9 267496
|
| 773 |
0 |
|
|t Ekonomické rozhľady
|g Roč. 31, č. 4 (2002), s. 492-505
|x 0323-262X
|
| 850 |
|
|
|a Slovenská národná knižnica
|
| 852 |
|
|
|a Slovenská národná knižnica
|
| 954 |
|
|
|a odborná, vedecká literatúra pôvodná (slovenská)
|2 lita
|
| 958 |
|
|
|a article27
|
| 958 |
|
|
|a NB
|
| 958 |
|
|
|a OND
|
| 958 |
|
|
|a EUIPO
|
| 992 |
|
|
|a RBX
|
| 999 |
|
|
|c 3194079
|d 3196009
|